000 00478nam a22001697a 4500
999 _c23001
_d23001
003 BDDh-ASL
005 20231015030201.0
008 210310s1962 ua ||||| |||| 00| 0 eng d
040 _aBDDh-ASL
_cBDDh-ASL
082 _a928.8094
_bMAS
100 1 _93374
_aMoussa-Mahmoud, Fatema
245 1 0 _aSir William Jones and The Romantics /
260 _aCairo :
_bThe Anglo Egyptian Bookshop,
_c1962.
300 _a140 p. :
_c24 cm.
650 0 _91339
_aBiography
942 _2ddc
_cBK